| 000 | 007120000a22002050004500 | ||
|---|---|---|---|
| 999 |
_c49019 _d49019 |
||
| 001 | 1865 | ||
| 003 | CO-MdFUSB | ||
| 005 | 20170719155828.0 | ||
| 008 | 170719b xxu||||| |||| 00| 0 eng d | ||
| 020 | _a978-958-30-0094-2 | ||
| 040 | _cCO-MdBIC | ||
| 082 | 0 | 4 | _a863N Am51c |
| 100 | 1 | _ade Amícis, Edmondo | |
| 245 | 1 | 0 | _aCorazón / Edmondo de Amícis ; versión tomada y adaptada de H. Giner de los Ríos realizada a la 44a edición italina : con ilustraciones y grabados de N. Cardi... <et al.>. |
| 250 | _aedición Gabriel Silva Rincón | ||
| 260 | _aSantafé de Bogotá : Panamericana Editorial | ||
| 300 | _a352 P. | ||
| 650 | 1 | 4 | _aNovela Italiana \ Juventud - Novela \ Familia - Novela |
| 942 | _cLGB | ||